RAF BASES - Statistics

General Stats
  • This quiz has been taken 190 times
    189 since last reset
  • The average score is 13 of 33
Answer Stats
Hint Answer % Correct
RAF LOSSIEMOUTH
78%
RAF Conningsby
74%
RAF Brize Norton
71%
RAF Cranwell
66%
Abroad RAF Acrotiri
61%
RAF Waddington
60%
Abroad RAF Gibraltar
55%
RAF Valley
54%
RAF Benson
50%
RAF Cosford
49%
RAF Leeming
47%
RAF Scampton
47%
RAF Marham
45%
Abroad RAF Mount Pleasant
45%
RAF Odiham
45%
RAF Halton
41%
RAF High Wycombe
39%
RAF Shawbury
39%
RAF Digby
33%
Abroad RAF Ascension Island
31%
RAF Boulmer
30%
RAF Honington
28%
RAF Henlow
27%
RAF Linton-on-Ouse
27%
RAF Fylingdales
24%
RAF Woodvale
23%
RAF ST Mawgan
22%
RAF Wyton
19%
RAF Spadeadam
17%
RAF Syerston
15%
RAF Swanwick
11%
RAF Witterting
9%
RAF Norhalt
7%
No matching quizzes found
Score Distribution
Percent of People with Each Score
Percentile by Number Answered
Your Score History
You have not taken this quiz since the last reset